Podiums du Critérium du Dauphiné - Statistiques

Statistiques générales
  • Ce quiz a été pris 120 fois
    57 depuis la dernière actualisation
  • Le résultat moyen est 47 sur 166
Statistiques - réponses
Année Premier Deuxième Troisième % Correct
2013 Royaume-Uni Christopher Froome Australie Richie Porte Espagne Daniel Moreno
98%
2015 Royaume-Uni Christopher Froome Etats-Unis Tejay van Garderen Portugal Rui Costa
98%
2016 Royaume-Uni Christopher Froome France Romain Bardet Irlande Daniel Martin
98%
2022 Slovénie Primoz Roglic Danemark Jonas Vingegaard Australie Ben O'Connor
92%
2018 Royaume-Uni Geraint Thomas Royaume-Uni Adam Yates France Romain Bardet
91%
Jonas Vingegaard
91%
Romain Bardet
91%
Thibaut Pinot
89%
2011 Royaume-Uni Bradley Wiggins Australie Cadel Evans Kazakhstan Alexandre Vinokourov
87%
2012 Royaume-Uni Bradley Wiggins Australie Michael Rogers Australie Cadel Evans
87%
2021 Australie Richie Porte Kazakhstan Alexey Lutsenko Royaume-Uni Geraint Thomas
87%
Daniel Martin
85%
Esteban Martin
85%
Guillaume Martin
85%
Raymond Martin
85%
Alberto Contador
83%
Cadel Evans
81%
2002 Etats-Unis non attribué Etats-Unis Floyd Landis France Christophe Moreau
75%
2003 Etats-Unis non attribué Espagne Iban Mayo Royaume-Uni David Millar
75%
2006 Etats-Unis non attribué France Christophe Moreau Autriche Bernhard Kohl
75%
1977 France Bernard Hinault France Bernard Thévenet Belgique Lucien van Impe
72%
1979 France Bernard Hinault Pays-Bas Henk Lubberding Espagne Francisco Galdos
72%
1981 France Bernard Hinault Portugal Joaquim Agostinho Etats-Unis Greg LeMond
72%
2017 Danemark Jakob Fuglsang Australie Richie Porte Irlande Daniel Martin
72%
2019 Danemark Jakob Fuglsang Etats-Unis Tejay van Garderen Allemagne Emanuel Buchmann
72%
2020 Colombie Daniel Martinez France Thibaut Pinot France Guillaume Martin
68%
1971 Belgique Eddy Merckx Espagne Luis Ocana France Bernard Thévenet
68%
Mariano Martinez
68%
Rui Costa
68%
1999 Kazakhstan Alexandre Vinokourov Etats-Unis Jonathan Vaughters Italie Wladimir Belli
66%
Alexey Lutsenko
66%
Tejay van Garderen
66%
1995 Espagne Miguel Indurain Royaume-Uni Chris Boardman Espagne Vicente Aparicio
64%
1996 Espagne Miguel Indurain Suisse Tony Rominger France Richard Virenque
64%
2008 Espagne Alejandro Valverde Australie Cadel Evans Etats-Unis Levi Leipheimer
62%
2009 Espagne Alejandro Valverde Australie Cadel Evans Espagne Alberto Contador
62%
1983 Etats-Unis Greg LeMond Royaume-Uni Robert Millar France Robert Alban
60%
Adam Yates
58%
1963 France Jacques Anquetil Espagne José Pérez Francés Espagne Fernando Manzaneque
58%
1965 France Jacques Anquetil France Raymond Poulidor Allemagne Karl-Heinz Kunde
58%
Richard Virenque
57%
Ben O'Connor
51%
Emanuel Buchmann
49%
1975 France Bernard Thévenet Italie Francesco Moser Pays-Bas Joop Zoetemelk
47%
1976 France Bernard Thévenet Espagne Vicente Lopez Carril France Raymond Delisle
47%
2001 France Christophe Moreau Russie Pavel Tonkov France Benoît Salmon
47%
2007 France Christophe Moreau Australie Cadel Evans Kazakhstan Andrey Kashechkin
47%
1966 France Raymond Poulidor Espagne Carlos Echeverria Espagne Francisco Gabica
45%
1969 France Raymond Poulidor Belgique Ferdinand Bracke France Roger Pingeon
45%
1955 France Louison Bobet France Roger Walkowiak Belgique Marcel de Mulder
43%
1970 Espagne Luis Ocana France Roger Pingeon Belgique Herman van Springel
43%
1972 Espagne Luis Ocana France Bernard Thévenet Belgique Lucien van Impe
43%
1973 Espagne Luis Ocana France Bernard Thévenet Pays-Bas Joop Zoetemelk
43%
2014 Etats-Unis Andrew Talansky Espagne Alberto Contador Belgique Jurgen van den Broeck
40%
Joop Zoetemelk
38%
Tony Rominger
38%
1987 France Charly Mottet Colombie Henry Cardenas France Ronan Pensac
34%
1989 France Charly Mottet Royaume-Uni Robert Millar France Thierry Claveyrolat
34%
1992 France Charly Mottet France Luc Leblanc Italie Gianni Bugno
34%
2004 Espagne Iban Mayo Etats-Unis Tyler Hamilton Espagne Oscar Sevilla
34%
Lucien van Impe
34%
2000 Etats-Unis Tyler Hamilton Espagne Haimar Zubeldia Etats-Unis non attribué
34%
Charly Gaul
32%
Floyd Landis
30%
Jurgen van den Broeck
30%
1988 Colombie Luis Herrera Suisse Niki Rüttimann France Charly Mottet
30%
1991 Colombie Luis Herrera Espagne Laudelino Cubino Suisse Tony Rominger
30%
2010 Slovénie Janez Brajkovic Espagne Alberto Contador Etats-Unis Tejay van Garderen
28%
David Millar
26%
Jean Robic
26%
1990 Royaume-Uni Robert Millar France Thierry Claveyrolat Colombie Alvaro Mejia
26%
Luc Leblanc
23%
1978 Belgique Michel Pollentier France Mariano Martinez Espagne Francisco Galdos
23%
Roger Pingeon
23%
Bernhard Kohl
19%
1993 Suisse Laurent Dufaux Colombie Oliverio Rincon France Eric Boyer
19%
1994 Suisse Laurent Dufaux France Ronan Pensac Lituanie Arturas Kasputis
19%
Levi Leipheimer
19%
Pascal Simon
19%
Abraham Olano
17%
1998 France Armand de las Cuevas Espagne Miguel Angel Pena Kazakhstan Andrei Teteriouk
17%
Roger Walkowiak
17%
Thierry Claveyrolat
17%
Gianni Bugno
15%
Santiago Botero
15%
Francesco Moser
13%
Jean-René Bernaudeau
13%
Joaquim Agostinho
13%
Roger Rivière
13%
1986 Suisse Urs Zimmermann France Ronan Pensac Pays-Bas Joop Zoetemelk
13%
Steven Rooks
11%
Haimar Zubeldia
9%
Michael Rogers
9%
Andrey Kashechkin
8%
Antonin Rolland
8%
Chris Boardman
8%
1959 France Henry Anglade France Raymond Mastrotto France Roger Rivière
8%
1952 France Jean Dotto France Nello Lauredi France Jean Le Guilly
8%
1960 France Jean Dotto France Raymond Mastrotto France Gérard Thiélin
8%
1982 France Michel Laurent France Jean-René Bernaudeau France Pascal Simon
8%
Oscar Sevilla
8%
Pavel Tonkov
8%
Apo Lazaridès
6%
Daniel Moreno
6%
1949 France Lucien Lazaridès France Jean Robic Italie Fermo Camellini
6%
Alvaro Mejia
4%
Benoît Salmon
4%
Eric Boyer
4%
Henk Lubberding
4%
2005 Espagne Inigo Landaluze Colombie Santiago Botero Etats-Unis non attribué
4%
Jonathan Vaughters
4%
Oliverio Rincon
4%
1985 Etats-Unis Phil Anderson Pays-Bas Steven Rooks France Pierre Bazzo
4%
1962 France Raymond Mastrotto Allemagne Hans Junkermann France Raymond Poulidor
4%
Robert Alban
4%
1997 Allemagne Udo Bölts Espagne Abraham Olano France Jean-Cyril Robin
4%
1974 France Alain Santy France Raymond Poulidor France Jean-Pierre Danguillaume
2%
Arturas Kasputis
2%
1948 France Edouard Fachleitner France Paul Giguet France Jean Robic
2%
Ferdinand Bracke
2%
Herman van Springel
2%
1980 Pays-Bas Johan van der Velde France Raymond Martin Portugal Joaquim Agostinho
2%
1958 France Louis Rostollan France Francis Pipelin Luxembourg Jean-Pierre Schmitz
2%
1984 Colombie Martin Ramirez France Bernard Hinault Etats-Unis Greg LeMond
2%
Niki Rüttimann
2%
Ronan Pensac
2%
1956 Belgique Alex Close France Antonin Rolland France Fernand Picot
0%
Andrei Teteriouk
0%
Bim Diederich
0%
1961 Royaume-Uni Brian Robinson France Raymond Mastrotto France François Mahé
0%
Carlos Echeverria
0%
1947 Pologne Edouard Klabinski Italie Gino Sciardis Italie Fermo Camellini
0%
Fermo Camilleri
0%
Fernando Manzaneque
0%
Fernand Picot
0%
Francisco Gabica
0%
Francisco Galdos
0%
Francis Pipelin
0%
François Mahé
0%
Gérard Thiélin
0%
Gino Sciardis
0%
Hans Junkermann
0%
Henry Cardenas
0%
Jean-Cyril Robin
0%
Jean Le Guilly
0%
Jean-Pierre Danguillaume
0%
Jean-Pierre Schmitz
0%
José Pérez Francés
0%
Karl-Heinz Kunde
0%
Laudelino Cubino
0%
1953 France Lucien Teisseire Luxembourg Charly Gaul France Jean Robic
0%
Marcel de Mulder
0%
1957 France Marcel Rohrbach France René Privat Luxembourg Jean-Pierre Schmitz
0%
Miguel Angel Pena
0%
1950 France Nello Lauredi France Apo Lazaridès Luxembourg Bim Diederich
0%
1951 France Nello Lauredi France Antonin Rolland France Lucien Lazaridès
0%
1954 France Nello Lauredi Luxembourg Jean-Pierre Schmitz France Pierre Molinéris
0%
Paul Giguet
0%
Pierre Bazzo
0%
Pierre Molinéris
0%
Raymond Delisle
0%
René Privat
0%
1964 Espagne Valentin Uriona France Raymond Poulidor Espagne Esteban Martin
0%
Vicente Aparicio
0%
Vicente Lopez Carril
0%
Wladimir Belli
0%
Aucun quiz correspondant
Distribution des résultats
% des personnes avec chaque résultat
Percentile par nombre de réponses
Votre historique - résultats
Vous n’avez pas pris ce quiz depuis la dernière actualisation